Philadelphia/San Fransico/ Golden State Warriors All time Dream Team - Statistics

General Stats
  • This quiz has been taken 487 times
  • The average score is 6 of 13
Answer Stats
Hint Answer % Correct
Starting PG Stephen Curry
98%
Reserve Klay Thompson
93%
Starting C Wilt Chamberlain
85%
Starting SF Rick Barry
67%
Starting SG Chris Mullin
64%
Back up PG Tim Hardaway
43%
Starting PF Nate Thurmond
41%
Reserve Baron Davis
33%
Reserve Mitch Richmond
29%
Back up SF Paul Arizin
26%
Back up SG Andre Iguodala
23%
Back up C Neil Johnston
7%
Back up PF Antawn Jamison
6%
No matching quizzes found
Score Distribution
Percent of People with Each Score
Percentile by Number Answered
Your Score History
You have not taken this quiz